Normal view
MARC view
- Bridger, R.S
Entry Personal Name
001 - CONTROL NUMBER
- control field: 62640
003 - CONTROL NUMBER IDENTIFIER
- control field: NUST
005 - DATE AND TIME OF LATEST TRANSACTION
- control field: 20210628202953.0
008 - FIXED-LENGTH DATA ELEMENTS
- fixed length control field: 210628|| aca||aabn | a|a d
040 ## - CATALOGING SOURCE
- Original cataloging agency: NUST
- Transcribing agency: NUST
100 ## - HEADING--PERSONAL NAME
- Personal name: Bridger, R.S
670 ## - SOURCE DATA FOUND
- Source citation: Work cat.: (NUST): Bridger, R.S, Introduction to ergonomics, 2003
